000 00796nas a2200277 4500
001 BR8201952
003 BR-BrBNA
005 20231205085126.0
007 ta
008 230509b bl.|||p| |||| 00| 00por d
040 _aBR-BrBNA
_bpor
_cBiblioteca Nacional de Agricultura
041 _a(Pt)
072 _aN20; L32
100 1 _aSilveira, G.M. da
245 1 _aEquipamentos ajudam a ter alimento reservado para a seca [Grao; Forragem; Silo; Brasil]
650 _aGRAO
650 _aFORRAGEM
650 _aSILO
650 _aMOENDA
650 _aENSILADEIRA
650 _aARMAZENAMENTO
650 _aSECA
773 0 _tRevista dos Criadores (Brazil)
_xISSN 0034-9259
_g(May 1982), v. 51(628) p. 29-31
_wBR8201952
909 _a202311
_bLúcia
_c55
_dLúcia Elande
942 _2AGRIS
_n0
_cANA
999 _c109379
_d109379